Výpočet modelu soutěžního větroně severské katagorie

Bibliographic Details
Main Author: Knittl, Emanuel (Author)
Format: Book
Language:Czech
PhysicalDescription:87 s. fotogr., grafy, tab. 21 cm 1 príl.
Published: Praha Naše vojsko 1955
Series:Knižnice leteckého modelářství
Subjects:

MARC

LEADER 00000nam a2200000 a 4500
001 vtls001561479
003 SK-MaSNL
005 20260301074502.0
008 240318s1955 xr odl f f 000 0 cze
020 |q (brož.) 
040 |a SNK  |b slo  |c SNK  |e AACR2 
041 0 |a cze 
072 7 |a 629  |x Dopravné prostriedky  |2 konspekt 
080 |a 629.734.334  |2 MDT-MRF 
080 |a 629.7:689  |2 MDT-MRF 
080 |a (035)  |2 MDT-MRF 
080 |a 51-3  |2 MDT-MRF 
100 1 |a Knittl, Emanuel  |4 aut  |9 397157 
245 1 0 |a Výpočet modelu soutěžního větroně severské katagorie  |c Emanuel Knittl 
260 |a Praha  |b Naše vojsko  |c 1955 
300 |a 87 s.  |b fotogr., grafy, tab.  |c 21 cm  |e 1 príl. 
490 1 |a Knižnice leteckého modelářství  |v sv. 3 
506 |a 6400 výtl. 
650 0 7 |a vetrone  |2 SNKPH  |9 51066 
650 0 7 |a letecké modelárstvo  |2 SNKPH  |9 3669 
650 0 7 |a matematické výpočty  |2 SNKPH  |9 75006 
655 7 |a príručky  |2 SNKPH  |9 74364 
830 0 |a Knižnice leteckého modelářství  |9 397158 
999 |c 647292  |d 649222 
952 |a SNK  |b SNK  |y VYP  |7 0  |p 17A0466904  |o snkIC 11698  |i snk2048/55  |0 0  |1 0  |4 0  |d 2005-04-23  |l 0  |r 2026-02-23 18:11:46  |w 2026-02-23 
952 |a SNK  |b SNK  |y VYP  |7 0  |p 17A0466903  |o snkIC 11698/príl.  |i snk2048/55  |0 0  |1 0  |4 0  |d 2005-04-23  |l 0  |r 2026-02-23 18:11:47  |w 2026-02-23 
952 |a SNK  |b SNK  |y VYP  |7 0  |p 17A0475020  |o snkIC 11698 D1  |i snkI. 2047/55  |0 0  |1 1  |4 0  |d 2005-06-20  |l 0  |r 2026-02-23 18:11:47  |w 2026-02-23 
952 |a SNK  |b SNK  |y VYP  |7 0  |p 17A0475017  |o snkIC 11698/príl . D1  |i snkI. 2047/55  |0 0  |1 1  |4 0  |d 2005-06-20  |l 0  |r 2026-02-23 18:11:47  |w 2026-02-23